000 00953nam a2200277 i 4500
003 DO-SdBNP
005 20260209100618.0
006 a||||dr|||| 00| 0
007 ta
008 260209t190? dr adc|| |||| 00| 0 spa d
040 _aDO-SdBNP
_bspa
_cBNPHU
_erda
041 _aspa
082 4 _axxx
_bR436q
_222
100 1 _aRestrepo Merino, Fabio
_eautor
_985385
245 1 0 _aQuímica básica 5:
_bquinto de educación media /
_cFabio Restrepo Merino, Jairo Restrepo Merino, Leonel Vargas Herrera
264 4 _aSanto Domingo :
_bSusaeta Ediciones,
_c[fecha no identificada]
300 _a385 páginas :
_bilustraciones, gráficas, retratos ;
_c22 cm.
336 _2rdacontent
_atexto
_btxt
337 _2rdamedia
_asin mediación
_bn
338 _2rdacarrier
_avolumen
_bnc
590 _aInventariado 2026/DG
700 1 _aRestrepo Merino, Jairo
_eautor
_985386
700 1 _aVargas Herrera, Leonel
_eautor
_988973
910 _aDG
942 _2ddc
_cLBS1
999 _c60262
_d60262